Cooperation of Small and Medium Enterprises bakalárska práca

Saved in:
Bibliographic Details
Main Author: Chorváthová, Simona
Corporate Author: Fakulta podnikového manažmentu EU. Katedra podnikovohospodárska
Other Authors: Gajdová, Denisa, 1977-
Format: Book
Language:English
Published: Bratislava 2023
Tags: Add Tag
No Tags, Be the first to tag this record!

MARC

LEADER 00000nbm a2200000 4500
001 0295939
005 20240416094604.9
041 0 |a eng 
044 |a SK 
245 1 0 |a Cooperation of Small and Medium Enterprises  |b bakalárska práca  |c Simona Chorváthová ; školiteľ: Denisa Gajdová 
264 1 |a Bratislava  |c 2023 
300 |a 51 s. 
100 1 |a Chorváthová, Simona 
700 1 |a Gajdová, Denisa, 1977- 
710 2 |a Fakulta podnikového manažmentu EU. Katedra podnikovohospodárska